Normal view MARC view

Entry Personal Name

Number of records used in: 2

001 - CONTROL NUMBER

  • control field: 79924

003 - CONTROL NUMBER IDENTIFIER

  • control field: dpl

005 - DATE AND TIME OF LATEST TRANSACTION

  • control field: 20250326123551.0

008 - FIXED-LENGTH DATA ELEMENTS

  • fixed length control field: 250326|| aca||aabn | a|a d

040 ## - CATALOGING SOURCE

  • Original cataloging agency: dpl
  • Transcribing agency: dpl

100 ## - HEADING--PERSONAL NAME

  • Personal name: Mukherji, Saradindu

670 ## - SOURCE DATA FOUND

  • Source citation: Work cat.: (dpl)195039: Mukherji, Saradindu, The Citizenship Amendment Act,2019:, 2021

© Delhi Public Library
Hit Counter
free hit counter